| 000 | 01327nam a2200349 i 4500 | ||
|---|---|---|---|
| 001 | 196049 | ||
| 003 | ES-MaACL | ||
| 005 | 20250428063009.0 | ||
| 008 | 240810s2007 sp |||||| 000 1|spa|d | ||
| 017 | _aB 1375-2007 | ||
| 020 |
_a9788496647077 ( _qcart.) |
||
| 035 | _aRebiun07184947 | ||
| 040 |
_bspa _cES-MaACL |
||
| 043 |
_ae-sp--- _be-sp--- _2catmarc |
||
| 080 | _a860-3"20" | ||
| 100 |
_aRocafort, Guillermo, _d1970- _9238050 _eaut |
||
| 245 | 1 | 3 |
_aEl Príncipe de Éboli, Ruy Gómez de Silva / _cGuillermo Rocafort. |
| 260 |
_aBarcelona : _bAurea, _c2007. |
||
| 300 |
_a184 p. ; _c23 cm. |
||
| 336 |
_2rdacontent _atexto |
||
| 337 |
_2rdamedia _asin mediación |
||
| 338 |
_2rdacarrier _avolumen |
||
| 490 | 1 | _aNovela histórica | |
| 600 | 0 |
_aÉboli, Ruy Gómez de Silva, _cPríncipe de, _d1516-1573- _xNarrativa _2lemac _9238051 |
|
| 651 | 0 |
_aEspaña- _xHistoria- _y1556-1598, Felipe II- _xNarrativa _2lemac _9238052 |
|
| 852 |
_aES-MaACL _bR.152731 _cDEPOJ _jN-9176 _hDonación: José Lázaro García _xEncuadernación cartoné con sobrecubierta _9205081 |
||
| 903 |
_9234219 _aLázaro García, José _ednr |
||
| 942 |
_cMONOGRAFIA _n0 |
||
| 999 |
_c196049 _d196049 |
||